Probability theory
Gespeichert in:
| 1. Verfasser: | |
|---|---|
| Format: | Buch |
| Sprache: | Englisch |
| Veröffentlicht: |
Nueva York
Springer-Verlag
1977
|
| Ausgabe: | 4a. ed |
| Schriftenreihe: | Graduate Texts in Mathematics, 45
|
| Schlagworte: | |
| Tags: |
Tag hinzufügen
Keine Tags, Fügen Sie den ersten Tag hinzu!
|
MARC
| LEADER | 00000nam a2200000 a 4500 | ||
|---|---|---|---|
| 001 | UCQ8792 | ||
| 003 | CL-VaPUC | ||
| 008 | 981217e19770000US |||||||||||||||||eng|d | ||
| 082 | 0 | 4 | |a 519.2 |b LOE |2 21 |
| 100 | 0 | |a Loève, Michel |e author |9 423012 | |
| 245 | 1 | 0 | |a Probability theory |
| 250 | |a 4a. ed | ||
| 300 | |a 2 v | ||
| 942 | |c BK | ||
| 945 | |d 19981217 00:00:00 |a crobeson | ||
| 260 | |a Nueva York |b Springer-Verlag |c 1977 | ||
| 650 | 0 | |a Probabilidades |9 260199 | |
| 650 | 0 | |a Matemáticas aplicadas |9 342401 | |
| 650 | 0 | |a Procesos aleatorios |9 423013 | |
| 583 | |a last modification |c 19981217 00:00:00 |k Rodrigo Vera | ||
| 490 | 0 | |a Graduate Texts in Mathematics, 45 | |
| 999 | |c 277968 |d 277966 | ||
| 952 | |0 0 |1 0 |4 0 |6 519_200000000000000_LOE_1977 |7 0 |8 A |9 316272 |a BIBGIM |b BIBGIM |d 2019-11-20 |h v.2 |i 1305476 |o 519.2 LOE 1977 |p 1305476 |r 2025-01-15 |w 2019-11-20 |y BK |k EST | ||
| 952 | |0 0 |1 0 |4 0 |6 519_200000000000000_LOE_1977 |7 0 |8 A |9 316273 |a BIBGIM |b BIBGIM |d 2019-11-20 |h v.1 |i 1305468 |o 519.2 LOE 1977 |p 1305468 |r 2025-01-15 |w 2019-11-20 |y BK |k EST | ||